| 000 | 10055 a2200589 4500 | ||
|---|---|---|---|
| 008 | 090514t xxu||||| |||| 00| 0 hin d | ||
| 010 | _aB-296363-396 | ||
| 020 |
_a9788188532209 _c275.00 |
||
| 035 | _aB-296363-396 | ||
| 037 | _bशिवा प्रकाशन मंदिर | ||
| 040 |
_adpl _bHIN |
||
| 245 |
_aस्वर्णिम भारत की लोककथाएँ / _cसत्यजीत राय द्वारा संपादित |
||
| 260 |
_aदिल्ली _bशिवा प्रकाशन मंदिर _c2008 |
||
| 270 |
_a1/9427, वैस्ट रोहतास नगर, शाहदरा _bदिल्ली _e110002 _cदिल्ली |
||
| 300 |
_a208पृ, _c22 सेमी (सजिल्द) |
||
| 942 |
_adpl _cHN _k/ स्वर्णिम _2ddc _hक _mस्वर्णिम |
||
| 999 |
_c12776 _d12776 |
||